Nazionali dell'AFC - Statistics

Statistiche generali
  • Questo quiz è stato fatto 17 volte
  • Il punteggio medio è 34 su 47
Statistiche sulle risposte
Nazionale % Corretto
Giappone
92%
Vietnam
92%
Arabia Saudita
83%
Bangladesh
83%
Cambogia
83%
Cina
83%
Corea del Nord
83%
Corea del Sud
83%
India
83%
Indonesia
83%
Iran
83%
Iraq
83%
Mongolia
83%
Nepal
83%
Pakistan
83%
Thailandia
83%
Turkmenistan
83%
Yemen
83%
Afghanistan
75%
Bhutan
75%
Birmania
75%
Brunei
75%
Emirati Arabi Uniti
75%
Kirghizistan
75%
Laos
75%
Libano
75%
Malaysia
75%
Qatar
75%
Singapore
75%
Siria
75%
Tagikistan
75%
Taiwan
75%
Australia
67%
Filippine
67%
Giordania
67%
Kuwait
67%
Maldive
67%
Oman
67%
Palestina
67%
Uzbekistan
67%
Bahrein
58%
Sri Lanka
58%
Timor Est
58%
Hong Kong
50%
Macao
50%
Guam
33%
Isole Marianne Settentrionali
8%
Nessun quiz corrispondente trovato
Distribuzione punteggi
Percentuale di utenti per punteggio
Percentile per numero di risposta
I tuoi punteggi nel tempo
Non hai fatto questo quiz